Hrací prvok pre dieťa
Uložené v:
| Hlavný autor: | |
|---|---|
| Ďalší autori: | |
| Médium: | Rukopis Kniha |
| Jazyk: | Slovak |
| Vydavateľské údaje: |
Bratislava
2016
|
| Predmet: | |
| On-line prístup: | http://is.stuba.sk/zp/portal_zp.pl?podrobnosti=121746 |
| Tagy: |
Žiadne tagy, Buďte prvý, kto otaguje tento záznam!
|
MARC
| LEADER | 00000ntm a22000003a 4500 | ||
|---|---|---|---|
| 001 | stuzp59346 | ||
| 003 | SK-STU | ||
| 005 | 20210224112117.7 | ||
| 007 | ta | ||
| 008 | 150427s2015----xo-----f-mn---000-0-slo-d | ||
| 040 | |a STU |b slo | ||
| 041 | 0 | |a slo | |
| 100 | 1 | |a Konkoľová, Patrícia |u 059190 |4 aut |U FAD Fakulta architektúry |T FA Ústav dizajnu |X 43800 |U A9190 |Y 400 |7 A000043800 | |
| 242 | 0 | 1 | |a Play element for a child |y eng |
| 245 | 1 | 0 | |a Hrací prvok pre dieťa |
| 260 | |c 2016 |a Bratislava | ||
| 650 | 4 | |a deti |2 slo | |
| 650 | 4 | |a hra |2 slo | |
| 650 | 4 | |a stan |2 slo | |
| 650 | 4 | |a dizajn |2 slo | |
| 650 | 4 | |a detský nábytok |2 slo | |
| 650 | 4 | |a design |2 eng | |
| 650 | 4 | |a children |2 eng | |
| 650 | 4 | |a game |2 eng | |
| 650 | 4 | |a tent |2 eng | |
| 650 | 4 | |a kids furniture |2 eng | |
| 700 | 1 | |a Zvonek, Miroslav |u 059190 |k Z1 |4 ths |U FAD Fakulta architektúry |T FA Ústav dizajnu |X 71218 |U A9190 |Y 400 |7 A000071218 | |
| 856 | 4 | |u http://is.stuba.sk/zp/portal_zp.pl?podrobnosti=121746 |u https://opac.crzp.sk/?fn=detailBiblioForm&sid=FFEED6484134604A3D72ACB88729 | |
| SQL | |a stuzp59346 |b DDP |c SLO |d Hrací prvok pre dieťa |e 43800 |f Konkoľová, Patrícia |g 059190 |h 71218 |i Zvonek, Miroslav |j 20160601 |k 640 |l 05 |m http://is.stuba.sk/zp/portal_zp.pl?podrobnosti=121746 |n I-DZ |o 2.2.6. dizajn | ||